| 000 | 00574nam a22001817a 4500 | ||
|---|---|---|---|
| 005 | 20251108163340.0 | ||
| 008 | 250721s2011 xx 000 0 ara d | ||
| 082 | 1 | 4 | _a810.2009/نوا |
| 100 | 1 | _aنواصرة، راضي محمد | |
| 245 | 1 | 0 | _aأثر فتح مكة في أدب صدر الإسلام / |
| 264 | 1 |
_aعمان : _bمؤسسة حمادة للدراسات الجامعية، _c2011. |
|
| 300 | _a377ص. | ||
| 650 | 1 | 7 | _aالادب العربي |
| 650 | 1 | 7 | _aالنقد الادبي |
| 650 | 1 | 7 | _aعصر صدر الاسلام |
| 942 |
_2ddc _cBK |
||
| 999 |
_c416 _d416 |
||